000 00674nam a22002177a 4500
005 20150710112923.0
008 140714b xxu||||| |||| 00| 0 Urdu d
010 _aUR-9192
020 q _c200.00
035 _aU-7747
037 _bDBAD/Pub.
040 _aDPL
_bUrdu
082 _a270
100 _aمحمو د حسن
245 _aمقا لا ت محمو د
_cمحمو د حسن
246 _aMaqalat-e-Mehmood
_bByMehmood Hassan
260 _aAlahbad
_c2013
270 _aB-104,/Bader manzil,Patel Nagar,Vanjar patti Naka, Bhiwandi
_bZila Thana Alahabad
_e421302
_k09767366183
300 _a234ص
_c22Cm (Hb)
942 _2ddc
_cUR
_e
_h270
_mم ح م
999 _c94797
_d94797